| 000 | 00384nam a22001457a 4500 | ||
|---|---|---|---|
| 020 | _a9780070668614 | ||
| 082 |
_a621.815 _bBUD/SH |
||
| 100 | _aBudynas, Richard G | ||
| 245 | _aShigley's Mechanical engineering Design | ||
| 250 | _a8th Indian | ||
| 260 |
_aNew Delhi _bTata McGraw Hill Education Private Limited _c2008 |
||
| 300 | _a1056 | ||
| 700 | _aNisbett, Keith J | ||
| 942 | _cBK | ||
| 999 |
_c13648 _d13648 |
||